000 01310nab a22002417a 4500
999 _c5742
_d5742
003 OSt
005 20260101202813.0
008 190514b xxu||||| |||| 00| 0 spa d
040 _cPJ
100 _96660
_aDonato, Tomás
245 1 0 _aCrímenes por odio a la identidad de género. Lecciones del caso "T." /
_cTomás Donato.
300 _ap. 89-95
500 _aCita: TR LALEY AR/DOC/452/2025.
505 _aSumario: I. Introducción.— II. El odio a la identidad o expresión de género.— III. Las distinciones entre motivos y modalidades.— IV. La jurisprudencia de los Tribunales Regionales de Derechos Humanos.— V. Los hechos del caso.— VI. La dinámica de sometimiento.— VII. Medidas de reparación integral.— VIII. Consideraciones finales.
505 _aFallo comentado: CCiv. y Com., Necochea ~ 06/09/2024 ~ V. B. D. c. F. G. S. y otros s/ daños y perj. autom. c/ les. o muerte (exc. estado).
650 0 _9967
_aDERECHO DE FAMILIA
650 0 _94305
_aDERECHO A LA IDENTIDAD DE GÉNERO
650 0 _92913
_aHOMICIDIO
650 0 _aTRANSEXUALIDAD
650 0 _91057
_aJURISPRUDENCIA APLICABLE
773 0 _02844
_93222
_dBuenos Aires : AbeledoPerrot, 1989-
_tDerecho de familia. Revista Interdisciplinaria de doctrina y jurisprudencia. Abril 2025-II.
_z18511201
942 _2udc
_cANA